00469 2200181 4500001002100000005001500021008004100036020002100077035001900098041000700117082001100124090001700135100001100152245004500163260004200208300002000250650001700270INLIS00000000001290620241224114444241224||||||||| | ||| |||| || |  a978-979-273751-6 0010-1224012906 aid0 a338.04 a338.04 PEN p0 aPENI R00aPebisnis Bermartabat bukan Perusak Hutan aJakartabGramedia Pustaka Utamac2008 a132hlm;14x21hlm 0aIlmu Ekonomi